[Event "Canadian op"]
[Site "Regina"]
[Date "2019.07.15"]
[Round "6"]
[White "Vasic, Maxim"]
[Black "Wang, Elon"]
[Result "1-0"]
[WhiteElo "1964"]
[BlackElo "1529"]
[PlyCount "73"]
[EventDate "2019.07.12"]
[EventType "swiss"]
[EventRounds "9"]
[EventCountry "CAN"]
[SourceTitle "EXT 2020"]
[Source "ChessBase"]
[SourceDate "2019.10.17"]
[SourceVersion "1"]
[SourceVersionDate "2019.10.17"]
[SourceQuality "1"]

1. d4 d5 2. c4 c6 3. Nf3 Nf6 4. Nc3 dxc4 5. a4 Bf5 6. Ne5 Nbd7 7. Nxc4 Nb6 8. Ne5 e6 9. f3 Bb4 10. e4 Bg6 11. Be3 Nbd7 12. Nd3 Qa5 13. Nxb4 Qxb4 14. Qd2 0-0 15. Be2 Rfd8 16. 0-0 e5 17. Rfd1 Nb6 18. a5 Nc4 19. Bxc4 Qxc4 20. Qf2 exd4 21. Bxd4 Qa6 22. Bxa7 Rxd1+ 23. Rxd1 Qxa5 24. Bb6 Qb4 25. g4 h6 26. Bc5 Qa5 27. Be7 Qc7 28. Bxf6 gxf6 29. Kg2 Qf4 30. Qd2 Qxd2+ 31. Rxd2 Kf8 32. Rd7 Rb8 33. Na4 Ke8 34. Nb6 Rd8 35. Rxb7 Rd2+ 36. Kg3 Rxb2 37. Rb8+ 1-0

[Event "Canadian op"]
[Site "Regina"]
[Date "2019.07.15"]
[Round "5"]
[White "Wang, Elon"]
[Black "Ehab, Mohamed"]
[Result "1-0"]
[WhiteElo "1529"]
[BlackElo "2006"]
[PlyCount "59"]
[EventDate "2019.07.12"]
[EventType "swiss"]
[EventRounds "9"]
[EventCountry "CAN"]
[SourceTitle "EXT 2020"]
[Source "ChessBase"]
[SourceDate "2019.10.17"]
[SourceVersion "1"]
[SourceVersionDate "2019.10.17"]
[SourceQuality "1"]

1. e4 d5 2. exd5 Nf6 3. d4 Nxd5 4. c4 Nb6 5. Nf3 g6 6. Nc3 Bg7 7. Be2 0-0 8. 0-0 Bg4 9. Be3 c6 10. Qb3 N8d7 11. c5 Be6 12. Qb4 a5 13. Qa3 Nd5 14. Ng5 Nxc3 15. bxc3 Bf5 16. g4 h6 17. gxf5 hxg5 18. fxg6 fxg6 19. Bc4+ Kh7 20. Bxg5 Rf5 21. Qc1 Bf6 22. f4 Bxg5 23. fxg5 b5 24. Be6 Nf8 25. Bxf5 gxf5 26. Rxf5 Qd7 27. Qf4 Ne6 28. Qh4+ Kg8 29. Raf1 Ng7 30. g6 1-0